Maisuru vishwavidyanilaya varshika varadi 1974-75. (Record no. 212510)
[ view plain ]
| 000 -LEADER | |
|---|---|
| fixed length control field | 00484nam a2200157Ia 4500 |
| 008 - FIXED-LENGTH DATA ELEMENTS--GENERAL INFORMATION | |
| fixed length control field | 210719s1975 xx 000 0 und d |
| 041 ## - LANGUAGE CODE | |
| Language code of text/sound track or separate title | eng |
| 082 ## - DEWEY DECIMAL CLASSIFICATION NUMBER | |
| Classification number | 378.06K MAIV |
| 100 ## - MAIN ENTRY--PERSONAL NAME | |
| Personal name | MAISURU VISHWAVIDYANILAYA |
| 245 ## - TITLE STATEMENT | |
| Title | Maisuru vishwavidyanilaya varshika varadi 1974-75. |
| 260 ## - PUBLICATION, DISTRIBUTION, ETC. | |
| Place of publication, distribution, etc. | Maisuru. |
| Name of publisher, distributor, etc. | Maisuru Vishwavidyanilaya |
| Date of publication, distribution, etc. | 1975 |
| 300 ## - PHYSICAL DESCRIPTION | |
| Extent | xxiv,50 |
| Other physical details | PB |
| 365 ## - TRADE PRICE | |
| Price amount | 2 |
| Currency code | Rs |
| 650 ## - SUBJECT ADDED ENTRY--TOPICAL TERM | |
| Topical term or geographic name entry element | Higher Education |
| 906 ## - LOCAL DATA ELEMENT F, LDF (RLIN) | |
| a | Mysore University Annual Report ; Mysore University Report |
| Withdrawn status | Lost status | Damaged status | Not for loan | Collection code | Home library | Current library | Date acquired | Cost, normal purchase price | Total Checkouts | Full call number | Barcode | Date last seen | Price effective from | Koha item type |
|---|---|---|---|---|---|---|---|---|---|---|---|---|---|---|
| St Aloysius Library | St Aloysius Library | 04/09/1996 | 2.00 | 378.06K MAIV | D00609 | 07/19/2021 | 07/19/2021 | Donated Books |